Normal view
MARC view
Entry Uniform Title
001 - CONTROL NUMBER
- control field: 53539
003 - CONTROL NUMBER IDENTIFIER
- control field: dpl
005 - DATE AND TIME OF LATEST TRANSACTION
- control field: 20121105161124.0
008 - FIXED-LENGTH DATA ELEMENTS
- fixed length control field: 121105|||a|||||| | ||| d
040 ## - CATALOGING SOURCE
- Original cataloging agency: dpl
- Transcribing agency: dpl
130 ## - HEADING--UNIFORM TITLE
- Uniform title:
- Form subdivision: चौदह खंडों में
670 ## - SOURCE DATA FOUND
- Source citation: Work cat.: (dpl)71272: 27482 पुष्पपाल सिंह, सुनीता जैन समग्र (अब तक का सब) /, 2010
670 ## - SOURCE DATA FOUND
- Source citation: Work cat.: (dpl)71272: 27482 पुष्पपाल सिंह, सुनीता जैन समग्र (अब तक का सब) /, 2010
